| 000 | 00822nam a22002417a 4500 | ||
|---|---|---|---|
| 999 |
_c8928 _d8928 |
||
| 003 | AR-CdUCM | ||
| 008 | 190327b ||||| |||| 00| 0 spa d | ||
| 040 |
_aMUNICIPALIDAD PROVINCIAL DEL CUSCO _cBIBLIOTECA MUNICIPAL DEL CUSCO |
||
| 082 |
_a335.401574 / _bM26 |
||
| 100 |
_aPrenant, Marcel _92355 |
||
| 245 | _aBiología y marxismo : | ||
| 260 |
_aSantiago de Chile : _bEdición Zig-Zag. |
||
| 300 |
_a248, [3] p. ; _c23 cm. |
||
| 500 | _aGlosario: p. [241]- 248. | ||
| 505 | _aTransformismo y dialéctica -- Lógica de la contradicción -- Materia cromosomica -- Lucha de clases... | ||
| 650 |
_aPsiquismo. _92356 |
||
| 650 |
_aEpigenesis. _92357 |
||
| 650 |
_aLógica. _92358 |
||
| 650 |
_aMaxismo - Biología _924797 |
||
| 700 |
_aSilva Castro, Raúl (Traductor) _924798 |
||
| 942 |
_2ddc _cLIBROS |
||
| 945 | _alccs | ||